Informatika Příručka pro uživatele

Guardado en:
Detalles Bibliográficos
Autor principal: Vřešťálová, Dana
Otros Autores: Vondra, Josef, Černá, Jarmila
Formato: Libro
Lenguaje:checo
Publicado: Praha Ústředí vědeckých, technických a ekonomických informací 1985
Etiquetas: Agregar Etiqueta
Sin Etiquetas, Sea el primero en etiquetar este registro!

MARC

LEADER 00000nam a2200000 4500
001 c031982
005 20250926122301.1
041 0 |a cze 
044 |a CZ 
245 1 0 |a Informatika  |b Příručka pro uživatele  |c Dana Vřešťálová, Josef Vondra, Jarmila Černá 
264 1 |a Praha  |b Ústředí vědeckých, technických a ekonomických informací  |c 1985 
300 |a 47 s. 
100 1 |a Vřešťálová, Dana 
700 1 |a Vondra, Josef 
700 1 |a Černá, Jarmila